000 01486nam2a2200289 4500
001 RU\NLR\BIBL_A\012363447
005 20201015163110.0
010 _a978-5-6040737-1-1
_91000
021 _aRU
_bКН-П-20-031925
_9КН-П-20-2447
035 _a(NLR Aleph) 012363447
035 _a(RuMoRGB)010347765
090 _a11538906
_c11538906
100 _a20200925d2019 u y0rusy50 ca
101 0 _arus
102 _aRU
105 _aac||z|||000ay
200 1 _aВариации
_aСтихотворения последних лет
210 _d2019
215 _a474, [1] с., [6] л. ил., цв. ил., портр.
327 1 _aСодерж.: разделы: Вариации (1978-1982); Стихотворения 1983-1984 гг.; Черновики
461 0 _1001RU\NLR\BIBL_A\010983180
_12001#$aНеизвестный Алексеев$f[картины и рис. Г.И. Алексеева]$v[Т. 5]
_1700#1$aАлексеев$bГ. И.$cпоэт, прозаик$cканд. архитектуры, художник$f1932-1987$gГеннадий Иванович$3RU\NLR\AUTH\77501
_910885395
_aАлексеев, Г. И. (поэт, прозаик ; 1932-1987)
_cСанкт-Петербург
_d2015
_f[картины и рис. Г.И. Алексеева]
_nГеликон Плюс
_tНеизвестный Алексеев
_v[Т. 5]
852 _aNLR
_j2015-3/3381
942 _cBOOK
980 _aNBR
980 _aNB